Southville International School and Colleges
Your cart is empty.
  • Cart
  • Lists
    Public lists Eva Luna New books Lux_list list_1
    Your lists Log in to create your own lists
  • Log in to your account
  • Your cookies
  • Search history
Southville International School and Colleges
  • Advanced search
  • Recent comments
  • Most popular
  • Libraries

Log in to your account

Log in with GOOGLE


If you do not have an external account, but do have a local account, you can still log in:

  1. Home
  2. MARC view: Shipwreck at the bottom of the world :
Normal view MARC view ISBD view

Shipwreck at the bottom of the world : (Record no. 33288)

[ view plain ]
MARC details
000 -LEADER
fixed length control field 01725cam a2200421 a 4500
001 - CONTROL NUMBER
control field 4492162
003 - CONTROL NUMBER IDENTIFIER
control field OSt
005 - DATE AND TIME OF LATEST TRANSACTION
control field 20140310184242.0
008 - FIXED-LENGTH DATA ELEMENTS--GENERAL INFORMATION
fixed length control field 971215s1998 nyuab j b 001 0 eng
010 ## - LIBRARY OF CONGRESS CONTROL NUMBER
LC control number 97052063
020 ## - INTERNATIONAL STANDARD BOOK NUMBER
International Standard Book Number 0439109922
035 ## - SYSTEM CONTROL NUMBER
System control number (DLC) 97052063
040 ## - CATALOGING SOURCE
Original cataloging agency DLC
Transcribing agency DLC
Modifying agency DLC
042 ## - AUTHENTICATION CODE
Authentication code lcac
050 00 - LIBRARY OF CONGRESS CALL NUMBER
Classification number G 850.1914.S53
Item number .Ar76 1999
100 1# - MAIN ENTRY--PERSONAL NAME
Personal name Armstrong, Jennifer.
Dates associated with a name 1961-
9 (RLIN) 25922
245 10 - TITLE STATEMENT
Title Shipwreck at the bottom of the world :
Remainder of title the extraordinary true story of Shackleton and the Endurance /
Statement of responsibility, etc Jennifer Armstrong.
250 ## - EDITION STATEMENT
Edition statement 1st ed.
260 ## - PUBLICATION, DISTRIBUTION, ETC. (IMPRINT)
Place of publication, distribution, etc New York :
Name of publisher, distributor, etc scholastic,
Date of publication, distribution, etc 1999.
300 ## - PHYSICAL DESCRIPTION
Extent 134 p. :
Other physical details ill. ;
Dimensions 25 cm.
521 ## - TARGET AUDIENCE NOTE
Target audience note
526 ## - STUDY PROGRAM INFORMATION NOTE
Reading level 1090
600 10 - SUBJECT ADDED ENTRY--PERSONAL NAME
Personal name Shackleton, Ernest Henry,
Titles and other words associated with a name Sir,
Dates associated with a name 1874-1922
Form subdivision Juvenile literature.
9 (RLIN) 25923
600 11 - SUBJECT ADDED ENTRY--PERSONAL NAME
Personal name Shackleton, Ernest Henry,
Titles and other words associated with a name Sir,
Dates associated with a name 1874-1922.
9 (RLIN) 25924
610 20 - SUBJECT ADDED ENTRY--CORPORATE NAME
Corporate name or jurisdiction name as entry element Endurance (Ship)
Form subdivision Juvenile literature.
9 (RLIN) 25925
610 21 - SUBJECT ADDED ENTRY--CORPORATE NAME
Corporate name or jurisdiction name as entry element Endurance (Ship)
9 (RLIN) 25926
611 20 - SUBJECT ADDED ENTRY--MEETING NAME
Meeting name or jurisdiction name as entry element Imperial Trans-Antarctic Expedition
Date of meeting (1914-1917)
Form subdivision Juvenile literature.
9 (RLIN) 25927
611 21 - SUBJECT ADDED ENTRY--MEETING NAME
Meeting name or jurisdiction name as entry element Imperial Trans-Antarctic Expedition
Date of meeting (1914-1917)
9 (RLIN) 25928
651 #0 - SUBJECT ADDED ENTRY--GEOGRAPHIC NAME
Geographic name Antarctica
General subdivision Discovery and exploration
-- British
Form subdivision Juvenile literature.
9 (RLIN) 25929
856 42 - ELECTRONIC LOCATION AND ACCESS
Materials specified Contributor biographical information
Uniform Resource Identifier <a href="http://www.loc.gov/catdir/bios/random051/97052063.html">http://www.loc.gov/catdir/bios/random051/97052063.html</a>
856 42 - ELECTRONIC LOCATION AND ACCESS
Materials specified Publisher description
Uniform Resource Identifier <a href="http://www.loc.gov/catdir/description/random0415/97052063.html">http://www.loc.gov/catdir/description/random0415/97052063.html</a>
906 ## - LOCAL DATA ELEMENT F, LDF (RLIN)
a 7
b cbc
c orignew
d 1
e ocip
f 19
g y-gencatlg
942 ## - ADDED ENTRY ELEMENTS (KOHA)
Source of classification or shelving scheme Library of Congress Classification
Koha item type
Holdings
Withdrawn status Lost status Source of classification or shelving scheme Damaged status Home library Current library Shelving location Date acquired Total Checkouts Full call number Barcode Date last seen Copy number Price effective from Koha item type
    Library of Congress Classification   Luxembourg Library Luxembourg Library Scholastic Reading Center Section 04/11/2012   G 850.1914.S53 .Ar76 1999 LEX0287 04/18/2017 1 01/30/2014 Books
    Library of Congress Classification   Luxembourg Library Luxembourg Library Scholastic Reading Center Section 10/08/2013   G 850.1914.S53 .Ar76 1999 LEX0613 04/18/2017 2 10/08/2013 Books
    Library of Congress Classification   Luxembourg Library Luxembourg Library Scholastic Reading Center Section 10/22/2013   G 850.1914.S53 .Ar76 1999 LEX2948 04/18/2017 3 10/22/2013 Books

Shipwreck at the bottom of the world :

APA

Armstrong J., . (1999). Shipwreck at the bottom of the world. New York: scholastic.

Chicago

Armstrong Jennifer, . 1999. Shipwreck at the bottom of the world. New York: scholastic.

Harvard

Armstrong J., . (1999). Shipwreck at the bottom of the world. New York: scholastic.

MLA

Armstrong Jennifer, . Shipwreck at the bottom of the world. New York: scholastic. 1999.

  • Place hold
  • Print
  • Cite
  • Add to your cart (remove)
  • Save record
    BIBTEX Dublin Core MARCXML MARC (non-Unicode/MARC-8) MARC (Unicode/UTF-8) MARC (Unicode/UTF-8, Standard) MODS (XML) RIS
  • More searches
    Search for this title in:
    Other Libraries (WorldCat) Other Databases (Google Scholar) Online Stores (Bookfinder.com) Open Library (openlibrary.org)

Exporting to Dublin Core...

SOUTHVILLE LIBRARY

Southville International School and Colleges Library

1281 Tropical Ave. Cor. Luxembourg St., BF Homes International, Las Pinas City

Tel. No. 8256374 / 252358 Loc. 117/146

Powered by Koha